Southville International School and Colleges
Your cart is empty.
  • Cart
  • Lists
    Public lists list_1 View all
    Your lists Log in to create your own lists
  • Log in to your account
  • Your cookies
  • Search history
Southville International School and Colleges
  • Advanced search
  • Recent comments
  • Most popular
  • Libraries

Log in to your account

Log in with GOOGLE


If you do not have an external account, but do have a local account, you can still log in:

  1. Home
  2. MARC view: Introduction to business :
Normal view MARC view ISBD view

Introduction to business : (Record no. 23585)

[ view plain ]
MARC details
000 -LEADER
fixed length control field 00571nam a2200193 a 4500
005 - DATE AND TIME OF LATEST TRANSACTION
control field 20140310183455.0
008 - FIXED-LENGTH DATA ELEMENTS--GENERAL INFORMATION
fixed length control field 081205s19uu xx 00 eng d
020 ## - INTERNATIONAL STANDARD BOOK NUMBER
International Standard Book Number 9780071252997
050 ## - LIBRARY OF CONGRESS CALL NUMBER
Classification number HD 31
Item number .J5977 2007
100 ## - MAIN ENTRY--PERSONAL NAME
Personal name Jones, Gareth R.
245 ## - TITLE STATEMENT
Title Introduction to business :
Remainder of title how companies create value for people /
Statement of responsibility, etc Gareth R. Jones
260 ## - PUBLICATION, DISTRIBUTION, ETC. (IMPRINT)
Place of publication, distribution, etc Boston :
Name of publisher, distributor, etc McGraw-Hill Irwin,
Date of publication, distribution, etc 2008.
300 ## - PHYSICAL DESCRIPTION
Extent 805 p. :
Other physical details ill. col. ;
Dimensions 26 cm.
521 ## - TARGET AUDIENCE NOTE
Target audience note
650 ## - SUBJECT ADDED ENTRY--TOPICAL TERM
Topical term or geographic name as entry element Business.
650 ## - SUBJECT ADDED ENTRY--TOPICAL TERM
Topical term or geographic name as entry element Success in business.
942 ## - ADDED ENTRY ELEMENTS (KOHA)
Koha item type Books
Source of classification or shelving scheme Library of Congress Classification
Call number prefix Foreign
Holdings
Withdrawn status Lost status Source of classification or shelving scheme Damaged status Home library Current library Shelving location Date acquired Source of acquisition Total Checkouts Full call number Barcode Date last seen Date checked out Copy number Price effective from Koha item type
    Library of Congress Classification   College Library College Library General Circulation Section 08/06/2009 Donation 1 HD 31 .J5977 2007 C10533 09/09/2019 08/29/2019 1 10/18/2013 Books

Introduction to business :

APA

Jones G. R., . (2008). Introduction to business. Boston: McGraw-Hill Irwin.

Chicago

Jones Gareth R, . 2008. Introduction to business. Boston: McGraw-Hill Irwin.

Harvard

Jones G. R., . (2008). Introduction to business. Boston: McGraw-Hill Irwin.

MLA

Jones Gareth R, . Introduction to business. Boston: McGraw-Hill Irwin. 2008.

  • Place hold
  • Print
  • Cite
  • Add to your cart (remove)
  • Save record
    BIBTEX Dublin Core MARCXML MARC (non-Unicode/MARC-8) MARC (Unicode/UTF-8) MARC (Unicode/UTF-8, Standard) MODS (XML) RIS
  • More searches
    Search for this title in:
    Other Libraries (WorldCat) Other Databases (Google Scholar) Online Stores (Bookfinder.com) Open Library (openlibrary.org)

Exporting to Dublin Core...

SOUTHVILLE LIBRARY

Southville International School and Colleges Library

1281 Tropical Ave. Cor. Luxembourg St., BF Homes International, Las Pinas City

Tel. No. 8256374 / 252358 Loc. 117/146

Powered by Koha